• 首页
  • 本馆介绍
  • 公告通知
  • 最新文献
  • 馆藏检索
  • 电子资源
  • 读者荐购
  • 参考咨询
  • CALIS
  • 我的图书馆
  • 登录
  • 详细信息显示
  • 放入我的书架
  • 预约/预借图书
  • 作者相关作品
  • 分类相关作品
  • 丛书相关作品
  • 出版社相关作品

书目信息

  • 表格格式
  • 工作单格式
  • 卡片格式
书名: Retailing management
作者: Michael Levy, Barton A. Weitz.
分册号:
分册名:
出版地: Boston :
 
出版社: Irwin/McGraw-Hill
出版时间: 1998.
页数: 627 p. ;
开本: 26cm.
丛书名:
中图分类号:
科图分类号:
其他分类号: F713.32
主题词:
电子资源:
 
 
 
 
 
000 00411nam 2200145 a 4500
001 E0435501482
005 2004121709514109
008 041217s1998 00010 eng
020    @a0-256-22346-7 :@cRMB 12.00.
040    @aPFT@beng
090    @aF713.32
099    @dF713.32@eL668
245    @aRetailing management / @cMichael Levy, Barton A. Weitz.
260    @aBoston :@bIrwin/McGraw-Hill,@c1998.
300    @a627 p. ;@c26cm.
    
    Retailing management / / Michael Levy, Barton A. Weitz.-Boston : : Irwin/McGraw-Hill, , 1998.
    627 p. ; ; 26cm.
    
    
    ISBN 0-256-22346-7 :RMB 12.00.
    
●
相关链接 在E读中查询图书 在当当中查询图书 在豆瓣中查询图书


正题名:Retailing management     索取号:F713.32/L668         预约/预借

序号 登录号 条形码 馆藏地/架位号 状态 备注
1 04553   300045537   社科库409/409社科库 41排4列5层/ [索取号:F713.32/L668] 在馆    
河南城建学院图书馆 欢迎您!
大连网信软件有限公司© 版权所有